000
00298nam a22001337a 4500
008
170608b xxu||||| |||| 00| 0 eng d
020
_a
9780070433069
041
_a
eng
080
_a
327
100
_a
18
101
_a
SHP
245
_a
POLITICS AMONG NATIONS
_c
MORGENTHAN.H.J
942
_2
udc
_c
BK
999
_c
16564
_d
16564